Cities in New Mexico by picture - Statistics

General Stats
  • This quiz has been taken 13 times
  • The average score is 7 of 16
Answer Stats
Picture Answer % Correct
Albuquerque
100%
Santa Fe
82%
Las Cruces
73%
Roswell
73%
Rio Rancho
64%
Taos
55%
Ruidoso
45%
Los Alamos
36%
Clovis
27%
Gallup
27%
Truth or Consequences
27%
Bernalillo
18%
Alamogordo
9%
Espanola
9%
Raton
9%
Socorro
0%
No matching quizzes found
Score Distribution
Percent of People with Each Score
Percentile by Number Answered
Your Score History
You have not taken this quiz